Normal view
MARC view
- Twenty-first century
Entry Topical Term
001 - CONTROL NUMBER
- control field: 469
003 - CONTROL NUMBER IDENTIFIER
- control field: OSt
005 - DATE AND TIME OF LATEST TRANSACTION
- control field: 20170426112805.0
008 - FIXED-LENGTH DATA ELEMENTS
- fixed length control field: 170426|| aca||aabn | a|a d
040 ## - CATALOGING SOURCE
- Original cataloging agency: OSt
- Transcribing agency: OSt
150 ## - HEADING--TOPICAL TERM
- Topical term or geographic name entry element: Twenty-first century
- Form subdivision: Forecasts
670 ## - SOURCE DATA FOUND
- Source citation: Work cat.: (OSt)0: Zurinah Hassan, 1949- 468, Wawasan 2020 :, 1994

PORTAL AKMAL
E-MEL JKDM
AKMAL2U
G-BAM
u-PUSTAKA